[Event "ProMoPro Open"]
[Site "Praha"]
[Date "2002.09.13"]
[Round "7.10"]
[White "Podbrdsky, Pavel"]
[Black "Kubikova, Hana"]
[Result "0-1"]
[WhiteElo "2105"]
[BlackElo "2154"]
[PlyCount "90"]
[EventDate "2002.09.07"]

1. Nf3 Nf6 2. g3 g6 3. Bg2 Bg7 4. O-O O-O 5. c4 d6 6. d4 Nbd7 7. Nc3 e5 8. e4
Re8 9. dxe5 dxe5 10. Qc2 c6 11. h3 Qe7 12. Be3 Nf8 13. Rfd1 N6d7 14. Rac1 Ne6
15. a3 Rf8 16. Ne2 f5 17. b4 f4 18. Bd2 Rf7 19. c5 h5 20. Bc3 Ng5 21. Qd3 Nf8
22. gxf4 Nxf3+ 23. Qxf3 Ne6 24. f5 gxf5 25. Qxh5 Ng5 26. h4 Nxe4 27. Bxe4 fxe4
28. Rd6 Rf5 29. Qg6 Qxh4 30. Ng3 { } 30... e3 31. Rd8+ Qxd8 32. Nxf5 exf2+ 33.
Kxf2 Bxf5 34. Qxf5 Qd5 35. Ke3 Bh6+ 36. Ke2 Qg2+ 37. Kd3 Rd8+ 38. Bd4 Rxd4+ 39.
Kc3 Qd2+ 40. Kb3 Rd3+ 41. Ka4 Rxa3+ 42. Kxa3 Qxc1+ 43. Kb3 Qd1+ 44. Kc4 Qd5+
45. Kc3 45... e4 {bily vzdal} 0-1

[Event "ProMoPro Open"]
[Site "Praha"]
[Date "2002.09.13"]
[Round "7.4"]
[White "Kotek, Daniel"]
[Black "Cvicela, Anton"]
[Result "1-0"]
[WhiteElo "2270"]
[BlackElo "2140"]
[PlyCount "99"]
[EventDate "2002.09.07"]

1. e4 c5 2. Nf3 Nc6 3. d4 cxd4 4. Nxd4 g6 5. c4 Bg7 6. Be3 Nh6 7. Nc3 O-O 8.
Be2 f5 9. exf5 Nxf5 10. Nxf5 gxf5 11. f4 d6 12. O-O Bd7 13. Qd2 b6 14. Rab1 Rc8
15. b4 Be8 16. Rfd1 Bf7 17. Nd5 e5 18. fxe5 dxe5 19. Bg5 Qe8 20. b5 Nd4 21.
Ne7+ Kh8 22. Nxc8 Qxc8 23. Bf1 Rg8 24. Kh1 f4 25. Qf2 Qf5 26. Bh4 Bh5 27. Rd3
Rf8 28. Re1 Bf7 29. Rd2 Re8 30. g3 f3 31. Qe3 Qg6 32. Bd3 Qh5 33. Qg5 h6 34.
Qxh5 Bxh5 35. Be4 Kg8 36. Bd5+ Kh7 37. g4 Bg6 38. Bf2 Rf8 39. Be4 Rf4 40. Bxg6+
Kxg6 41. h3 h5 42. gxh5+ Kxh5 43. Bg3 Rf5 44. Re4 Bf6 45. Bf2 Ne6 46. Rd7 Ng5
47. Rh4+ Kg6 48. Kg1 e4 49. Kf1 Re5 50. Be3 {cerny vzdal} 1-0

[Event "ProMoPro Open"]
[Site "Praha"]
[Date "2002.09.13"]
[Round "7.14"]
[White "Novak, Vaclav"]
[Black "Serdamba, Cege"]
[Result "1-0"]
[WhiteElo "2111"]
[BlackElo "1989"]
[PlyCount "137"]
[EventDate "2002.09.07"]

1. e4 c5 2. Nf3 Nc6 3. d4 cxd4 4. Nxd4 g6 5. Nxc6 bxc6 6. Qd4 f6 7. Be3 Nh6 8.
Be2 Bg7 9. Qd2 Nf7 10. Nc3 Qa5 11. O-O O-O 12. f4 d6 13. Bc4 f5 14. exf5 Bxf5
15. Rab1 Qc7 16. Bd3 Nh6 17. h3 Bxd3 18. Qxd3 Nf5 19. Qc4+ Rf7 20. Bf2 Qd7 21.
g4 d5 22. Qa4 Nh6 23. Rbd1 Nxg4 24. hxg4 Qxg4+ 25. Kh2 Rxf4 26. Qxc6 Raf8 27.
Qxd5+ e6 28. Qg2 Qh5+ 29. Kg1 Rg4 30. Bg3 Bd4+ 31. Rxd4 Rxf1+ 32. Kxf1 Qf5+ 33.
Rf4 Rxf4+ 34. Bxf4 Qxf4+ 35. Ke2 Qc1 36. Qa8+ Kg7 37. Qb7+ Kh6 38. Kd3 Qf1+ 39.
Ne2 Qh3+ 40. Kd2 Qh4 41. Qf3 Kg7 42. Qc3+ Kg8 43. Qb3 Qg5+ 44. Qe3 Qd5+ 45. Qd3
Qg5+ 46. Qe3 Qd5+ 47. Qd4 Qxa2 48. Qe5 Kf7 49. b3 Qa6 50. Nc3 Qc6 51. Ne4 Qd5+
52. Qxd5 exd5 53. Nc3 Ke6 54. Ke3 Ke5 55. Ne2 h6 56. Nd4 g5 57. Nc6+ Kd6 58.
Nxa7 Kc5 59. Nc8 h5 60. Ne7 d4+ 61. Ke4 h4 62. Nf5 h3 63. Ng3 h2 64. Ke5 g4 65.
Nh1 d3 66. cxd3 Kb4 67. d4 Kc3 68. d5 Kd3 69. Kf4 {cerny vzdal} 1-0

[Event "ProMoPro Open"]
[Site "Praha"]
[Date "2002.09.13"]
[Round "7.11"]
[White "Rous, Frantisek"]
[Black "Chalupa, Ivan"]
[Result "0-1"]
[WhiteElo "2083"]
[BlackElo "2128"]
[PlyCount "110"]
[EventDate "2002.09.07"]

1. e4 e5 2. Nf3 Nc6 3. Bb5 a6 4. Ba4 Nf6 5. O-O Be7 6. Re1 b5 7. Bb3 O-O 8. a4
b4 9. d3 d6 10. Nbd2 Na5 11. Ba2 c5 12. Nf1 Be6 13. Ne3 Rb8 14. Bd2 Qd7 15.
Bxe6 fxe6 16. b3 Nc6 17. Nc4 Bd8 18. Rf1 Bc7 19. Qe2 Rbe8 20. Bg5 h6 21. Bh4
Qf7 22. Bg3 Nh5 23. Rae1 Nf4 24. Bxf4 Qxf4 25. Qe3 Qf6 26. h3 Rf7 27. Nh2 g5
28. f3 Kh7 29. Ng4 Qf4 30. Qf2 Rff8 31. Nce3 Qf7 32. Nh2 Ne7 33. Kh1 Ng6 34.
Re2 Rc8 35. Rd2 Rfd8 36. Rg1 Kg7 37. g3 Rf8 38. Qg2 Kh7 39. Rf2 Qg7 40. Rgf1
Rf7 41. Rg1 Rcf8 42. Qf1 Qf6 43. Neg4 Qe7 44. Ne3 Qf6 45. Qe2 Qd8 46. Rfg2 Rg8
47. Qd2 h5 48. Qe2 Kh6 49. h4 gxh4 50. Qd2 Kh7 51. gxh4 Qxh4 52. Rg5 Bd8 53.
R5g3 Rfg7 54. Qg2 Qf4 55. Qh3 55... Bh4 {bily prekrocil cas} 0-1

[Event "ProMoPro Open"]
[Site "Praha"]
[Date "2002.09.14"]
[Round "8.16"]
[White "Serdamba, Cege"]
[Black "Umanec, Filip"]
[Result "1-0"]
[WhiteElo "1989"]
[BlackElo "1855"]
[PlyCount "37"]
[EventDate "2002.09.07"]

1. e4 e5 2. Nf3 Nc6 3. Bb5 f5 4. d3 fxe4 5. dxe4 Nf6 6. O-O d6 7. Nc3 Be6 8.
Ng5 Bg8 9. f4 h6 10. Nf3 exf4 11. Bxf4 a6 12. Bxc6+ bxc6 13. Qe2 Be7 14. Nd4 c5
15. Nf5 g5 16. e5 Nh7 17. exd6 gxf4 18. dxe7 Qd7 19. Qe5 {cerny vzdal} 1-0

[Event "ProMoPro Open"]
[Site "Praha"]
[Date "2002.09.14"]
[Round "8.24"]
[White "Bilek, Bernhard"]
[Black "Tolar, Vladislav"]
[Result "1-0"]
[WhiteElo "1829"]
[BlackElo "1694"]
[PlyCount "75"]
[EventDate "2002.09.07"]

1. e4 d6 2. d4 Nf6 3. Nc3 g6 4. f4 Bg7 5. Nf3 O-O 6. Bd3 Nc6 7. Be3 e5 8. f5
exd4 9. Nxd4 Ne5 10. fxg6 fxg6 11. Qd2 Nxd3+ 12. cxd3 Ng4 13. Bg5 Bf6 14. Bxf6
Rxf6 15. Nf3 Rxf3 16. gxf3 Qh4+ 17. Kd1 Nf2+ 18. Kc2 Nxh1 19. Rxh1 c6 20. f4
Bd7 21. Rg1 Kf7 22. Nd1 Rf8 23. e5 d5 24. Rg2 Qe7 25. Qe3 a6 26. Nc3 Bf5 27.
Na4 Ke8 28. Qb6 Rf7 29. Nc5 Qc7 30. Qb4 Re7 31. Nb3 Kf7 32. Qe1 Qd8 33. Nd4 Qh8
34. Qh4 Kf8 35. Nxf5 gxf5 36. Qh5 Rf7 37. Qh6+ Ke8 38. Qe6+ {cerny vzdal} 1-0

[Event "ProMoPro Open"]
[Site "Praha"]
[Date "2002.09.14"]
[Round "8.8"]
[White "Klicnar, Martin"]
[Black "Chalupa, Ivan"]
[Result "1-0"]
[WhiteElo "2225"]
[BlackElo "2128"]
[PlyCount "83"]
[EventDate "2002.09.07"]

1. e4 e5 2. Nf3 Nc6 3. Bb5 a6 4. Ba4 Nf6 5. O-O Be7 6. Re1 b5 7. Bb3 O-O 8. d4
d6 9. c3 Bg4 10. d5 Na5 11. Bc2 c6 12. dxc6 Qc7 13. Nbd2 Nxc6 14. h3 Bd7 15.
Nf1 g6 16. Bg5 Nd8 17. Ne3 Bc6 18. Bxf6 Bxf6 19. Bb3 Ne6 20. Nd5 Bxd5 21. Bxd5
Ra7 22. g3 Ng5 23. h4 Nxf3+ 24. Qxf3 Bd8 25. a4 Qb6 26. Qe3 Qxe3 27. Rxe3 Bb6
28. Rd3 bxa4 29. Rxa4 a5 30. Bc4 Bc5 31. Kg2 Rb8 32. b3 Kg7 33. Rd1 Rbb7 34. f4
f6 35. Kf3 exf4 36. gxf4 Re7 37. Ra2 Kh6 38. Rd5 Kg7 39. h5 h6 40. hxg6 Kxg6
41. Rg2+ 41... Kh7 { } 42. Rh5 {cerny vzdal} 1-0

[Event "ProMoPro Open"]
[Site "Praha"]
[Date "2002.09.14"]
[Round "8.19"]
[White "Havlak, Lubomir"]
[Black "Cebis, Petr"]
[Result "1-0"]
[WhiteElo "1726"]
[BlackElo "1692"]
[PlyCount "75"]
[EventDate "2002.09.07"]

1. d4 f5 2. g3 e6 3. Bg2 d5 4. Nf3 Nf6 5. O-O Bd6 6. Nbd2 O-O 7. c4 c6 8. b3
Bd7 9. Qc2 Ne4 10. h4 Be8 11. Ne1 Nd7 12. Nd3 Bh5 13. Nf3 h6 14. Bf4 Qe7 15.
Bxd6 Qxd6 16. Nfe5 Rad8 17. Bxe4 fxe4 18. Nf4 Be8 19. c5 Qe7 20. Nfg6 Bxg6 21.
Nxg6 Qf6 22. Nxf8 Rxf8 23. Qd2 Qf5 24. Kg2 e5 25. f3 Rf6 26. Qe3 Rg6 27. dxe5
Qxe5 28. fxe4 Nf6 29. Rac1 Nxe4 30. Rf3 Rg4 31. Rd1 Qh5 32. Rh1 Qe5 33. Rh3 Qb2
34. a4 Qc2 35. Rh1 Nc3 36. Qxc3 Qxe2+ 37. Rf2 Qe6 38. Qf3 {cerny vzdal} 1-0

[Event "ProMoPro Open"]
[Site "Praha"]
[Date "2002.09.14"]
[Round "8.18"]
[White "Kaiser, Rudolf"]
[Black "Hackel, Ludek"]
[Result "0-1"]
[WhiteElo "2054"]
[BlackElo "2105"]
[PlyCount "90"]
[EventDate "2002.09.07"]

1. e4 c5 2. d4 cxd4 3. c3 Nf6 4. e5 Nd5 5. Nf3 Nc6 6. Bc4 Nb6 7. Bb3 e6 8. cxd4
d6 9. exd6 Bxd6 10. O-O O-O 11. Nc3 Nd5 12. Ne4 Nf6 13. Bg5 Be7 14. Re1 Nxe4
15. Bxe7 Nxf2 16. Bxd8 Nxd1 17. Bc7 Nxb2 18. Re3 a5 19. Rb1 a4 20. Bxe6 Bxe6
21. Rxb2 Rfc8 22. Bd6 Na5 23. Nd2 h6 24. a3 Rc1+ 25. Kf2 Rd1 26. Rc3 Re8 27.
Bc7 Nc6 28. Bb6 Bd5 29. Re3 Rxe3 30. Kxe3 Bxg2 31. Nc4 Bd5 32. Nd6 Re1+ 33. Kf4
Rf1+ 34. Ke3 Rf3+ 35. Ke2 Rxa3 36. Rb5 Rb3 37. Rxd5 Rxb6 38. Nb5 Ne7 39. Rd8+
Kh7 40. Nc7 Nc6 41. Rd7 a3 42. Nd5 Rb2+ 43. Ke3 a2 44. Rxf7 a1=Q 45. Nf6+ 45...
Kg6 {bily vzdal} 0-1

[Event "ProMoPro Open"]
[Site "Praha"]
[Date "2002.09.14"]
[Round "8.9"]
[White "Slovak, Pavel"]
[Black "Pinc, Miroslav"]
[Result "1/2-1/2"]
[WhiteElo "1960"]
[BlackElo "2221"]
[PlyCount "91"]
[EventDate "2002.09.07"]

1. e4 d6 2. d4 Nf6 3. Nc3 g6 4. Bc4 Bg7 5. Nf3 c6 6. a4 O-O 7. Qe2 d5 8. exd5
cxd5 9. Bb3 Nc6 10. O-O Bg4 11. Rd1 a6 12. h3 Bf5 13. Bg5 Be6 14. Ne5 h6 15.
Bh4 g5 16. Bg3 Bf5 17. h4 e6 18. hxg5 hxg5 19. Qd2 Ne8 20. Ne2 Rc8 21. c3 Nd6
22. Nxc6 Rxc6 23. Bc2 Ne4 24. Qc1 Qf6 25. f3 Nxg3 26. Nxg3 Bxc2 27. Qxc2 Qf4
28. Qf2 Qh4 29. a5 f5 30. f4 Rf6 31. Ne2 Qh5 32. Qf3 g4 33. Qf2 Rh6 34. Ng3 Qe8
35. Qe3 Qd7 36. Kf2 Rc4 37. b3 Rc6 38. b4 Qc8 39. Ne2 Kf7 40. Rh1 Qh8 41. Rxh6
Qxh6 42. Ng3 Qh8 43. Rh1 Qc8 44. Ne2 Rd6 45. Rh7 Qg8 46. Rh1 {remis} 1/2-1/2

[Event "ProMoPro Open"]
[Site "Praha"]
[Date "2002.09.14"]
[Round "8.11"]
[White "Herskovic, Radek"]
[Black "Simecek, Bohumil"]
[Result "1-0"]
[WhiteElo "2147"]
[BlackElo "2082"]
[PlyCount "97"]
[EventDate "2002.09.07"]

1. e4 c5 2. Nf3 d6 3. d4 cxd4 4. Nxd4 Nf6 5. Nc3 a6 6. Bc4 e6 7. Bb3 b5 8. Qf3
Bb7 9. O-O Nbd7 10. Re1 Qb6 11. Be3 Nc5 12. Rad1 12... Nfxe4 { } 13. Nxe6 fxe6
14. Bxe6 Nf6 15. Nd5 Be7 16. Bxc5 Bxd5 17. Bxd5 Qxc5 18. Bxa8 Qc7 19. Qc6+ Qxc6
20. Bxc6+ Kf7 21. c3 Rb8 22. g3 Rb6 23. Bd5+ Nxd5 24. Rxd5 a5 25. Re4 Bf6 26.
Kg2 h6 27. h4 b4 28. Rxa5 bxc3 29. bxc3 Bxc3 30. Ra7+ Kf6 31. a4 d5 32. a5 Rd6
33. Rf4+ Ke6 34. a6 Be5 35. Rf8 d4 36. Re8+ Kf5 37. Rf7+ Kg6 38. a7 Ra6 39.
a8=Q Rxa8 40. Rxa8 Kxf7 41. Kf3 Ke6 42. Ke4 Bf6 43. Ra6+ Kf7 44. f3 Ke7 45.
Rxf6 Kxf6 46. Kxd4 Kf5 47. Kd5 h5 48. Kd4 g6 49. Kd5 {cerny vzdal} 1-0

[Event "ProMoPro Open"]
[Site "Praha"]
[Date "2002.09.14"]
[Round "8.15"]
[White "Hoskovec, Josef"]
[Black "Kovar, Josef"]
[Result "1-0"]
[WhiteElo "1865"]
[BlackElo "1944"]
[PlyCount "115"]
[EventDate "2002.09.07"]

1. e4 c5 2. c3 e6 3. d4 d5 4. exd5 exd5 5. Nf3 Bd6 6. Be2 Nc6 7. O-O Nge7 8.
Bg5 h6 9. Bh4 Bf5 10. dxc5 Bxc5 11. b4 Bd6 12. b5 Nb8 13. Qd4 O-O 14. Nbd2 a6
15. a4 Be6 16. Bd3 Nd7 17. c4 Bc5 18. Qb2 dxc4 19. Nxc4 Nb6 20. Nxb6 Qxb6 21.
a5 Qd6 22. Rfd1 Rad8 23. Bh7+ Kxh7 24. Rxd6 Bxd6 25. Rd1 Be5 26. Rxd8 Bxb2 27.
Rxf8 Ng6 28. bxa6 bxa6 29. Ra8 Bd5 30. Rxa6 Bxf3 31. Rxg6 Kxg6 32. gxf3 f6 33.
Bg3 Kf7 34. Bc7 Ke7 35. Bb6 Kd7 36. a6 Kc6 37. a7 Kb7 38. Kg2 g5 39. Kh3 h5 40.
f4 Bc1 41. Be3 Bxe3 42. fxe3 Kxa7 43. fxg5 fxg5 44. Kg3 Kb6 45. Kf3 Kc5 46. Ke4
g4 47. Kf4 Kd5 48. Kg5 Ke4 49. Kxh5 Kf3 50. e4 Kf4 51. Kh4 g3 52. hxg3+ Kxe4
53. Kg5 Ke5 54. Kg6 Ke6 55. g4 Ke7 56. Kg7 Ke6 57. g5 Ke7 58. g6 {cerny vzdal}
1-0

[Event "ProMoPro Open"]
[Site "Praha"]
[Date "2002.09.14"]
[Round "8.6"]
[White "Cvicela, Anton"]
[Black "Stehno, Pavel"]
[Result "1-0"]
[WhiteElo "2140"]
[BlackElo "2253"]
[PlyCount "113"]
[EventDate "2002.09.07"]

1. e4 g6 2. d4 d6 3. f4 Bg7 4. Nf3 Nf6 5. Nc3 O-O 6. Bd3 Na6 7. e5 Nd7 8. Qe2
c5 9. d5 Nb4 10. Bc4 Nb6 11. b3 dxe5 12. Nxe5 N4xd5 13. Nxd5 Nxd5 14. O-O e6
15. Bb2 Qc7 16. Rad1 Nf6 17. Rd3 a6 18. a4 Rb8 19. Nf3 Nh5 20. Bxg7 Kxg7 21.
Rd2 Nxf4 22. Qe3 b5 23. Ne5 Nh5 24. axb5 axb5 25. Be2 f6 26. Nd3 c4 27. Nc5 Rb6
28. g4 f5 29. gxh5 e5 30. Rfd1 f4 31. Qf2 Rf7 32. Bf3 g5 33. b4 g4 34. Qg2 Kh6
35. Be4 Rg7 36. Kh1 Kxh5 37. Rd5 Kh4 38. Rg1 Rh6 39. Qf2+ Kg5 40. Kg2 Rh3 41.
Kf1 Kf6 42. Rg3 Rh5 43. Ra3 Ke7 44. Na6 44... g3 { } 45. hxg3 Bh3+ 46. Ke1 Qc8
47. gxf4 Qg4 48. Qa7+ Ke8 49. Qb8+ Qc8 50. Rxb5 Bd7 51. Nc5 Rh2 52. Rf3 Rgg2
53. Qxe5+ Kf8 54. Nxd7+ Qxd7 55. Rb8+ Kf7 56. Bd5+ Kg6 57. Rb6+ {cerny vzdal}
1-0

[Event "ProMoPro Open"]
[Site "Praha"]
[Date "2002.09.14"]
[Round "8.1"]
[White "Cernousek, Lukas"]
[Black "Hausner, Ivan"]
[Result "1/2-1/2"]
[WhiteElo "2294"]
[BlackElo "2412"]
[PlyCount "25"]
[EventDate "2002.09.07"]

1. e4 c5 2. Nf3 Nf6 3. e5 Nd5 4. Nc3 e6 5. Nxd5 exd5 6. d4 d6 7. Bb5+ Nc6 8. c4
dxc4 9. Qa4 Bd7 10. exd6 Bxd6 11. dxc5 Bxc5 12. O-O O-O 13. Bg5 {remis} 1/2-1/2

[Event "ProMoPro Open"]
[Site "Praha"]
[Date "2002.09.14"]
[Round "8.22"]
[White "Klimes, Petr"]
[Black "Janocko, Petr"]
[Result "0-1"]
[WhiteElo "1767"]
[BlackElo "1987"]
[PlyCount "38"]
[EventDate "2002.09.07"]

1. e4 c6 2. d4 d5 3. e5 Bf5 4. g4 Bd7 5. f4 e6 6. Nf3 h5 7. Bh3 hxg4 8. Bxg4
Nh6 9. Ng5 c5 10. c3 cxd4 11. cxd4 Nc6 12. b3 Nxg4 13. Qxg4 Nxd4 14. Rg1 Nc2+
15. Kd2 Rxh2+ 16. Kd1 Nxa1 17. Nxf7 Kxf7 18. Qg6+ Kg8 19. f5 19... Qh4 {
bily vzdal} 0-1

[Event "ProMoPro Open"]
[Site "Praha"]
[Date "2002.09.14"]
[Round "8.13"]
[White "Koukolik, Alexander"]
[Black "Kucera, Tomas"]
[Result "1/2-1/2"]
[WhiteElo "2103"]
[BlackElo "2133"]
[PlyCount "26"]
[EventDate "2002.09.07"]

1. d4 Nf6 2. c4 g6 3. Nc3 Bg7 4. e4 d6 5. f4 O-O 6. Be2 Na6 7. Nf3 e5 8. fxe5
dxe5 9. d5 Nc5 10. Bg5 h6 11. Bxf6 Qxf6 12. b4 Na6 13. a3 13... Qf4 {remis}
1/2-1/2

[Event "ProMoPro Open"]
[Site "Praha"]
[Date "2002.09.14"]
[Round "8.26"]
[White "Mikyska, Lukas"]
[Black "Ousmanov, Vjaceslav"]
[Result "1/2-1/2"]
[WhiteElo "1564"]
[BlackElo "1150"]
[PlyCount "47"]
[EventDate "2002.09.07"]

1. e4 e5 2. d4 d6 3. Bc4 exd4 4. c3 Nf6 5. Bg5 Be7 6. Bxf6 Bxf6 7. cxd4 Nc6 8.
Bb5 Bd7 9. Bxc6 Bxc6 10. Nc3 O-O 11. Nf3 Re8 12. Qd3 a6 13. O-O b5 14. d5 Bb7
15. Rac1 b4 16. Na4 Qd7 17. b3 a5 18. Rfe1 Re7 19. Nd4 Ba6 20. Qd2 Bxd4 21.
Qxd4 Rae8 22. Re3 Qg4 23. Rce1 f6 24. h3 {remis} 1/2-1/2

[Event "ProMoPro Open"]
[Site "Praha"]
[Date "2002.09.14"]
[Round "8.7"]
[White "Kubikova, Hana"]
[Black "Urbanek, Stepan"]
[Result "1/2-1/2"]
[WhiteElo "2154"]
[BlackElo "2096"]
[PlyCount "34"]
[EventDate "2002.09.07"]

1. d4 Nf6 2. Nf3 e6 3. c4 Bb4+ 4. Nbd2 d5 5. a3 Be7 6. g3 b6 7. Bg2 Bb7 8. Ne5
O-O 9. O-O Qc8 10. Qc2 dxc4 11. Bxb7 Qxb7 12. Qxc4 c5 13. dxc5 Bxc5 14. Ndf3
Nbd7 15. Nxd7 Qxd7 16. Bg5 Rac8 17. Qb3 17... Ne4 {remis} 1/2-1/2

[Event "ProMoPro Open"]
[Site "Praha"]
[Date "2002.09.14"]
[Round "8.14"]
[White "Novak, Jindrich"]
[Black "Rous, Frantisek"]
[Result "0-1"]
[WhiteElo "1920"]
[BlackElo "1987"]
[PlyCount "76"]
[EventDate "2002.09.07"]

1. c4 e5 2. Nc3 Nf6 3. Nf3 Nc6 4. g3 Bb4 5. Bg2 O-O 6. O-O Bxc3 7. bxc3 Re8 8.
d4 e4 9. Ne1 b6 10. Nc2 Na5 11. Ne3 Ba6 12. Qa4 d6 13. Rd1 Qc8 14. Ba3 Ng4 15.
Bh3 f5 16. Bxg4 fxg4 17. Rd2 Qe6 18. c5 d5 19. Bb4 Nc4 20. Nxc4 Bxc4 21. e3 a5
22. Ba3 b5 23. Qd1 c6 24. h3 h5 25. Bb2 a4 26. Ba3 Rf8 27. Rb1 Rf3 28. h4 Qf6
29. Kg2 Rf8 30. Bb4 Rxf2+ 31. Kg1 Rxd2 32. Qxd2 Qf3 33. Qe1 Be2 34. Ba5 Qxe3+
35. Kg2 Qf3+ 36. Kh2 Bf1 37. Rb2 e3 38. Bc7 38... e2 {bily vzdal} 0-1

[Event "ProMoPro Open"]
[Site "Praha"]
[Date "2002.09.14"]
[Round "8.20"]
[White "Hybl, Vladislav"]
[Black "Vasek, Daniel"]
[Result "1/2-1/2"]
[WhiteElo "1813"]
[BlackElo "1762"]
[PlyCount "53"]
[EventDate "2002.09.07"]

1. e4 e5 2. Nf3 Nc6 3. Bb5 f5 4. Nc3 Nd4 5. Ba4 Bc5 6. d3 c6 7. Nxe5 Nf6 8. Bg5
O-O 9. Nf3 d6 10. Nxd4 Bxd4 11. Bb3+ Kh8 12. Qd2 h6 13. Be3 Bxc3 14. Qxc3 fxe4
15. O-O-O Bf5 16. d4 d5 17. h3 Bd7 18. g4 Nh7 19. Qd2 Qf6 20. c3 Kg8 21. Rdg1
Ng5 22. Rg3 Nf3 23. Qe2 Qg6 24. Qf1 Rf7 25. Bd1 Raf8 26. Qg2 Nh4 27. Qg1 {remis
} 1/2-1/2

[Event "ProMoPro Open"]
[Site "Praha"]
[Date "2002.09.14"]
[Round "8.17"]
[White "Voglova, Eva"]
[Black "Londyn, Radek"]
[Result "0-1"]
[WhiteElo "1690"]
[BlackElo "2176"]
[PlyCount "64"]
[EventDate "2002.09.07"]

1. d4 Nf6 2. c4 c6 3. Nc3 d5 4. Nf3 a6 5. a4 e6 6. cxd5 exd5 7. Bg5 Be7 8. e3
Nbd7 9. Bd3 h6 10. Bh4 Ne4 11. Bxe7 Qxe7 12. Qc2 f5 13. Ne2 O-O 14. Nf4 Qf6 15.
h4 Qd6 16. h5 Re8 17. Rg1 Qb4+ 18. Nd2 Nxd2 19. Qxd2 Qxd4 20. Ne2 Qf6 21. g4
Ne5 22. Rg3 f4 23. exf4 Nxd3+ 24. Qxd3 Qxb2 25. Rd1 Qb4+ 26. Kf1 Qe4 27. Qxe4
Rxe4 28. g5 hxg5 29. Rxg5 Bh3+ 30. Ke1 Rae8 31. Rd2 Rxf4 32. h6 32... Rg4 {
bila vzdala} 0-1

[Event "ProMoPro Open"]
[Site "Praha"]
[Date "2002.09.14"]
[Round "8.25"]
[White "Kosar, Milan"]
[Black "Janota, Jiri"]
[Result "1-0"]
[WhiteElo "1826"]
[BlackElo "1574"]
[PlyCount "77"]
[EventDate "2002.09.07"]

1. e4 e5 2. Nf3 Nc6 3. Bc4 Bc5 4. d3 d6 5. Nc3 a6 6. Bg5 Qd7 7. Nd5 Na5 8. Bb3
Nxb3 9. axb3 c6 10. b4 Ba7 11. Ne3 Ne7 12. O-O O-O 13. d4 exd4 14. Nxd4 Qc7 15.
Kh1 h6 16. Bh4 Ng6 17. Bg3 Qe7 18. Qd3 Ne5 19. Ndf5 Bxf5 20. Nxf5 Nxd3 21.
Nxe7+ Kh7 22. cxd3 Rfe8 23. Nf5 d5 24. exd5 cxd5 25. Nd6 Re7 26. Rfe1 Rd7 27.
Re2 g6 28. Ne8 Bd4 29. Rae1 Kg8 30. Be5 Rxe8 31. Bxd4 Rxe2 32. Rxe2 f5 33. Re8+
Kf7 34. Rh8 h5 35. Rh7+ Ke6 36. Rxd7 Kxd7 37. f4 Kc6 38. Kg1 Kb5 39. Bc3 {
cerny vzdal} 1-0

[Event "ProMoPro Open"]
[Site "Praha"]
[Date "2002.09.14"]
[Round "8.3"]
[White "Pribyl, Josef"]
[Black "Vedral, Oldrich"]
[Result "1-0"]
[WhiteElo "2409"]
[BlackElo "2122"]
[PlyCount "81"]
[EventDate "2002.09.07"]

1. e4 c5 2. Nf3 Nc6 3. Bb5 e6 4. Bxc6 bxc6 5. O-O Be7 6. d3 Nf6 7. e5 Nd5 8. c4
Nc7 9. Nc3 O-O 10. Be3 f6 11. Ne4 fxe5 12. Nxe5 Qe8 13. f4 d6 14. Nf3 Bd7 15.
Qd2 Qc8 16. Bf2 Ne8 17. Rae1 Nf6 18. Re2 Nh5 19. Bg3 Nxg3 20. hxg3 h6 21. Rd1
Qc7 22. Qe3 Rad8 23. Rf2 Rf7 24. Re1 Rdf8 25. Qd2 Qb6 26. Rc1 Qc7 27. Qe1 g5
28. fxg5 hxg5 29. Rcc2 Qd8 30. Qe3 Rf5 31. g4 R5f7 32. Nexg5 Bxg5 33. Qxg5+
Qxg5 34. Nxg5 Rxf2 35. Rxf2 e5 36. Ne4 Rxf2 37. Kxf2 Kf7 38. Nxd6+ Ke7 39. Ne4
Bxg4 40. Nxc5 Bf5 41. Ke3 {cerny vzdal} 1-0

[Event "ProMoPro Open"]
[Site "Praha"]
[Date "2002.09.14"]
[Round "8.2"]
[White "Kotek, Daniel"]
[Black "Stross, Frantisek"]
[Result "1/2-1/2"]
[WhiteElo "2270"]
[BlackElo "2266"]
[PlyCount "75"]
[EventDate "2002.09.07"]

1. e4 c5 2. Nf3 Nc6 3. d4 cxd4 4. Nxd4 Nf6 5. Nc3 e5 6. Ndb5 d6 7. Bg5 a6 8.
Na3 b5 9. Bxf6 gxf6 10. Nd5 f5 11. c3 Bg7 12. exf5 Bxf5 13. Nc2 Be6 14. Nce3
Ne7 15. g3 Nxd5 16. Nxd5 O-O 17. Bg2 a5 18. O-O Rb8 19. Qh5 Qd7 20. Qh4 Bxd5
21. Bxd5 Kh8 22. Rad1 f5 23. Qh3 Qe7 24. Rd2 e4 25. Rfd1 Be5 26. Re2 Qg7 27. f4
exf3 28. Bxf3 f4 29. Bg4 b4 30. cxb4 Rxb4 31. Qh5 Rfb8 32. Kh1 Rxb2 33. Rxb2
Rxb2 34. Rd5 Qg8 35. Rxe5 dxe5 36. Qxe5+ Qg7 37. Qe8+ Qg8 38. Qe5+ {remis}
1/2-1/2

[Event "ProMoPro Open"]
[Site "Praha"]
[Date "2002.09.14"]
[Round "8.5"]
[White "Matras, Ondrej"]
[Black "Svatos, Jan"]
[Result "1-0"]
[WhiteElo "2235"]
[BlackElo "2279"]
[PlyCount "75"]
[EventDate "2002.09.07"]

1. f4 g6 2. e4 Bg7 3. Nc3 d6 4. Nf3 Nf6 5. g3 O-O 6. Bg2 c5 7. O-O Nc6 8. d3 a6
9. h3 b5 10. g4 Bb7 11. Qe1 Nd7 12. Nd5 Nd4 13. Ne3 e5 14. f5 Bh6 15. c3 Nxf3+
16. Bxf3 c4 17. dxc4 Nc5 18. Qe2 Nxe4 19. Qg2 Qb6 20. Re1 Nc5 21. Bxb7 Qxb7 22.
Qxb7 Nxb7 23. cxb5 axb5 24. Nd5 Bxc1 25. Rexc1 Na5 26. Rd1 Ra7 27. Nb4 gxf5 28.
gxf5 Nc4 29. f6 Rd7 30. Nd5 Rb8 31. Kh2 Nxb2 32. Rg1+ Kh8 33. Rg7 h6 34. Rag1
Nd3 35. Ne7 Nf4 36. Rxf7 Ra8 37. a4 bxa4 38. Rgg7 {cerny vzdal} 1-0

[Event "ProMoPro Open"]
[Site "Praha"]
[Date "2002.09.14"]
[Round "8.10"]
[White "Masek, Miroslav"]
[Black "Novak, Vaclav"]
[Result "1/2-1/2"]
[WhiteElo "2204"]
[BlackElo "2111"]
[PlyCount "89"]
[EventDate "2002.09.07"]

1. d4 Nf6 2. Nf3 g6 3. c4 d6 4. Nc3 Bg7 5. e4 O-O 6. Be2 Nbd7 7. O-O e5 8. d5
Nc5 9. Qc2 a5 10. Ne1 Ne8 11. Nd3 f5 12. Nxc5 dxc5 13. Be3 b6 14. f3 Nd6 15. a3
Ba6 16. b3 Qd7 17. Rab1 Ra7 18. Nd1 Rfa8 19. b4 axb4 20. axb4 cxb4 21. Rxb4 Bc8
22. c5 bxc5 23. Bxc5 Ra2 24. Nb2 Ba6 25. Bxa6 R2xa6 26. Qb3 h6 27. Nd3 Kh7 28.
Bf2 Ra4 29. Nc5 Rxb4 30. Qxb4 Qb5 31. Qxb5 Nxb5 32. Ne6 fxe4 33. fxe4 Nd6 34.
Rc1 Nxe4 35. Be1 Ra7 36. Nxc7 Bf8 37. Rc2 Bc5+ 38. Rxc5 Nxc5 39. d6 Ra1 40. Kf1
Rd1 41. Ne8 Ne4 42. Ke2 Rd4 43. Ke3 Nxd6 44. Nxd6 Rxd6 45. Bc3 {remis} 1/2-1/2

[Event "ProMoPro Open"]
[Site "Praha"]
[Date "2002.09.14"]
[Round "8.12"]
[White "Nepustil, Frantisek"]
[Black "Podbrdsky, Pavel"]
[Result "0-1"]
[WhiteElo "1957"]
[BlackElo "2105"]
[PlyCount "84"]
[EventDate "2002.09.07"]

1. e4 e5 2. d4 exd4 3. c3 d5 4. exd5 Qxd5 5. cxd4 Nf6 6. Nc3 Bb4 7. Nf3 O-O 8.
Bd2 Bxc3 9. bxc3 Nc6 10. Be2 Re8 11. O-O Bg4 12. h3 Bh5 13. Rb1 Rad8 14. Rb5
Qe4 15. Re1 h6 16. g4 Bxg4 17. hxg4 Qxg4+ 18. Kh2 Ne4 19. Rg1 Qe6 20. Rg2 Qxa2
21. Bxh6 g6 22. Qd3 Kh7 23. Bf4 f5 24. Ne5 Nxe5 25. Bxe5 Rxe5 26. Rxe5 Kg7 27.
Re7+ Kf6 28. Rh7 a5 29. Qh3 Rg8 30. Qh4+ Ke6 31. Qe7+ Kd5 32. Qd7+ Nd6 33. Re7
Rh8+ 34. Kg3 f4+ 35. Kg4 Rh5 36. Bf3+ Kc4 37. Qxc7+ Kd3 38. Qxd6 Qg8 39. Qf6
Qc8+ 40. Kxf4 Rf5+ 41. Qxf5+ Qxf5+ 42. Kg3 42... Qg5+ {bily vzdal} 0-1

[Event "ProMoPro Open"]
[Site "Praha"]
[Date "2002.09.14"]
[Round "8.4"]
[White "Taborsky, Rostislav"]
[Black "Borik, Juraj"]
[Result "*"]
[WhiteElo "2236"]
[BlackElo "2124"]
[PlyCount "89"]
[EventDate "2002.09.07"]

1. d4 Nf6 2. c4 e6 3. Nf3 b6 4. Nc3 Bb7 5. g3 d6 6. d5 e5 7. Bg2 Nbd7 8. O-O g6
9. Rb1 Bg7 10. b4 a5 11. a3 O-O 12. Qb3 h6 13. Ne1 Nh5 14. Nd3 axb4 15. axb4
Ba6 16. e4 Kh8 17. Bd2 f5 18. f3 Bb7 19. Ra1 c6 20. Rfc1 cxd5 21. cxd5 fxe4 22.
fxe4 Ndf6 23. Nf2 Ba6 24. Be3 Nd7 25. Ra2 Bf6 26. Rca1 Bb7 27. Rxa8 Bxa8 28.
Bxh6 Rf7 29. Be3 Bb7 30. Nb5 Nf8 31. Bh3 Nh7 32. Be6 Re7 33. Bg4 Bg5 34. Rc1
Rf7 35. Rc6 Qf8 36. Rc7 Rf3 37. Bxf3 Qxf3 38. Qd1 Qxe3 39. Rxb7 N7f6 40. Rb8+
Kh7 41. Rb7+ Ng7 42. Nxd6 Qc3 43. Kg2 Qxb4 44. Nf7 Be3 45. Qf3 {cerny vzdal} *